Organization development: (Record no. 180531)

MARC details
000 -LEADER
fixed length control field 00851nam a2200241Ia 4500
005 - DATE AND TIME OF LATEST TRANSACTION
control field 20221207103847.0
008 - FIXED-LENGTH DATA ELEMENTS--GENERAL INFORMATION
fixed length control field 210716s2009 xx 000 0 und d
020 ## - INTERNATIONAL STANDARD BOOK NUMBER
International Standard Book Number 978817758261
040 ## - CATALOGING SOURCE
Transcribing agency AIMIT LIBRARY
041 ## - LANGUAGE CODE
Language code of text/sound track or separate title eng
082 ## - DEWEY DECIMAL CLASSIFICATION NUMBER
Classification number 658.4
Edition number 6
Item number FREW
100 ## - MAIN ENTRY--PERSONAL NAME
Personal name French, Wendell L.
9 (RLIN) 64888
245 ## - TITLE STATEMENT
Title Organization development:
Remainder of title Behavioral science interventions for organization improvement /
Statement of responsibility, etc. By Wendell L French, Cecil H Bell and Vohra, Veena.
250 ## - EDITION STATEMENT
Edition statement 6th ed.
260 ## - PUBLICATION, DISTRIBUTION, ETC.
Place of publication, distribution, etc. New Delhi :
Name of publisher, distributor, etc. Pearson Education ,
Date of publication, distribution, etc. 2013.
300 ## - PHYSICAL DESCRIPTION
Extent xiii,236p. ;
Dimensions 24 cm.
650 ## - SUBJECT ADDED ENTRY--TOPICAL TERM
Topical term or geographic name entry element Organizational development and change
9 (RLIN) 64889
650 ## - SUBJECT ADDED ENTRY--TOPICAL TERM
Topical term or geographic name entry element Theory and management of OD
9 (RLIN) 64890
650 ## - SUBJECT ADDED ENTRY--TOPICAL TERM
Topical term or geographic name entry element Key considerations and issues
9 (RLIN) 64891
700 ## - ADDED ENTRY--PERSONAL NAME
Personal name Bell, Cecil H.
9 (RLIN) 64892
700 ## - ADDED ENTRY--PERSONAL NAME
Personal name Vohra, Veena.
9 (RLIN) 64893
942 ## - ADDED ENTRY ELEMENTS (KOHA)
Source of classification or shelving scheme Dewey Decimal Classification
Koha item type Book
Edition 6th
Call number prefix 658.4 FREW
Holdings
Withdrawn status Lost status Source of classification or shelving scheme Damaged status Not for loan Collection code Home library Current library Date acquired Source of acquisition Total Checkouts Full call number Barcode Date last seen Price effective from Koha item type
    Dewey Decimal Classification     MCA St Aloysius Institute of Management & Information Technology St Aloysius Institute of Management & Information Technology 07/16/2021 Donated   658.4 FREW MCA00039 07/21/2025 07/16/2021 Book
    Dewey Decimal Classification     MCA St Aloysius Institute of Management & Information Technology St Aloysius Institute of Management & Information Technology 07/16/2021 Donated   658.4 FREW MCA00825 07/21/2025 07/16/2021 Book
    Dewey Decimal Classification     MCA St Aloysius Institute of Management & Information Technology St Aloysius Institute of Management & Information Technology 07/16/2021 Donated   658.4 FREW MCA01344 07/21/2025 07/16/2021 Book
    Dewey Decimal Classification     MCA St Aloysius Institute of Management & Information Technology St Aloysius Institute of Management & Information Technology 07/16/2021 Donated   658.4 FREW MCA01785 07/21/2025 07/16/2021 Book
    Dewey Decimal Classification     MCA St Aloysius Institute of Management & Information Technology St Aloysius Institute of Management & Information Technology 07/16/2021 Donated   658.4 FREW MCA02199 07/21/2025 07/16/2021 Book
    Dewey Decimal Classification     MCA St Aloysius Institute of Management & Information Technology St Aloysius Institute of Management & Information Technology 07/16/2021 Donated   658.4 FREW MCA02492 07/21/2025 07/16/2021 Book